Hacia el desarrollo de un sistema integral para el monitoreo socioeconómico y ambiental en comunidades de la Costa Caribe de Nicaragua /
Un sistema de monitoreo socioeconómico y ambiental en el ámbito comunitario se fundamenta en la definición de que monitoreo es el estudio o evaluación periódica de una o más áreas geográficas, iniciado con una línea de información base que permite entender el comportamiento y cambio efectuados en el...
Gespeichert in:
| 1. Verfasser: | |
|---|---|
| Weitere Verfasser: | |
| Format: | Text |
| Schlagworte: | |
| Tags: |
Tag hinzufügen
Keine Tags, Fügen Sie den ersten Tag hinzu!
|
MARC
| LEADER | 00000 a a2200000 04500 | ||
|---|---|---|---|
| 001 | 18879 | ||
| 003 | |||
| 040 | |||
| 100 | |a Bradford, David | ||
| 245 | |a Hacia el desarrollo de un sistema integral para el monitoreo socioeconómico y ambiental en comunidades de la Costa Caribe de Nicaragua / |c David Bradford ; Vanessa Sandoval | ||
| 500 | |a Resumen también en inglés 3 | ||
| 520 | |a Un sistema de monitoreo socioeconómico y ambiental en el ámbito comunitario se fundamenta en la definición de que monitoreo es el estudio o evaluación periódica de una o más áreas geográficas, iniciado con una línea de información base que permite entender el comportamiento y cambio efectuados en el medio rural a través del tiempo. El presente artículo presenta una propuesta de indicadores básicos para desarrollar un sistema integral de monitoreo socioeconómico y ambiental basado en datos empíricos, el cual serviría de apoyo a quienes toman decisiones en torno a promover efectivamente el desarrollo sostenible en la región caribe de Nicaragua | ||
| 650 | |a DESARROLLO REGIONAL | ||
| 650 | |a DESARROLLO ECONOMICO Y SOCIAL | ||
| 650 | |a DESARROLLO SOSTENIBLE | ||
| 650 | |a VIGILANCIA AMBIENTAL | ||
| 650 | |a EVALUACION DE PROGRAMAS | ||
| 650 | |a INDICADORES DE DESARROLLO | ||
| 650 | |a INDICADORES ECONOMICOS | ||
| 650 | |a INDICADORES SOCIALES | ||
| 650 | |a INDICADORES AMBIENTALES | ||
| 650 | |a INDICADORES DE SALUD | ||
| 650 | |a INDICADORES E | ||
| 700 | |a Sandoval, Vanessa | ||
| 773 | |g número 40; páginas 63-72 | ||
| 999 | |c 35746 |d 35746 | ||
